<?xml version="1.0" encoding="UTF-8"?>
<record
    xmlns:xsi="http://www.w3.org/2001/XMLSchema-instance"
    xsi:schemaLocation="http://www.loc.gov/MARC21/slim http://www.loc.gov/standards/marcxml/schema/MARC21slim.xsd"
    xmlns="http://www.loc.gov/MARC21/slim">

  <leader>01642nam a22002897a 4500</leader>
  <datafield tag="952" ind1=" " ind2=" ">
    <subfield code="0">0</subfield>
    <subfield code="1">0</subfield>
    <subfield code="4">0</subfield>
    <subfield code="7">0</subfield>
    <subfield code="a">11</subfield>
    <subfield code="b">11</subfield>
    <subfield code="d">2016-11-28</subfield>
    <subfield code="l">0</subfield>
    <subfield code="o">LB1715 C117</subfield>
    <subfield code="p">11 013273</subfield>
    <subfield code="r">2016-11-28</subfield>
    <subfield code="t">1</subfield>
    <subfield code="w">2016-11-28</subfield>
    <subfield code="y">LB</subfield>
  </datafield>
  <datafield tag="952" ind1=" " ind2=" ">
    <subfield code="0">0</subfield>
    <subfield code="1">0</subfield>
    <subfield code="2">lcc</subfield>
    <subfield code="4">0</subfield>
    <subfield code="7">0</subfield>
    <subfield code="a">04</subfield>
    <subfield code="b">04</subfield>
    <subfield code="d">2017-03-15</subfield>
    <subfield code="l">1</subfield>
    <subfield code="o">LB1715  C117</subfield>
    <subfield code="p">04 006750</subfield>
    <subfield code="r">2018-03-08</subfield>
    <subfield code="s">2018-03-08</subfield>
    <subfield code="t">1</subfield>
    <subfield code="w">2017-03-15</subfield>
    <subfield code="y">LB</subfield>
  </datafield>
  <datafield tag="999" ind1=" " ind2=" ">
    <subfield code="c">101429</subfield>
    <subfield code="d">101429</subfield>
  </datafield>
  <controlfield tag="008">161128s2011    mx a     f    001 0 spa d</controlfield>
  <datafield tag="020" ind1=" " ind2=" ">
    <subfield code="a">978848483228760</subfield>
  </datafield>
  <datafield tag="050" ind1=" " ind2="4">
    <subfield code="a">LB1715 </subfield>
    <subfield code="b">C117</subfield>
  </datafield>
  <datafield tag="100" ind1="1" ind2=" ">
    <subfield code="a">Cabrerizo Diego, Jes&#xFA;s</subfield>
    <subfield code="e">, autor</subfield>
  </datafield>
  <datafield tag="245" ind1="1" ind2="3">
    <subfield code="a">El pr&#xE1;cticum del Master en formaci&#xF3;n del profesorado de educaci&#xF3;n secundaria obligatoria, bachillerato, formaci&#xF3;n profesional y ense&#xF1;anzas de idiomas</subfield>
    <subfield code="b">: Manual te&#xF3;rico - pr&#xE1;ctico </subfield>
    <subfield code="c">/ Jes&#xFA;s, Cabrizo Diego, Ma. Julia Rubio Rold&#xE1;n, Santiago Castillo Arredondo, Alberto Cabrerizo Garc&#xED;a</subfield>
  </datafield>
  <datafield tag="260" ind1=" " ind2=" ">
    <subfield code="a">Espa&#xF1;a</subfield>
    <subfield code="b">: Pearson educaci&#xF3;n</subfield>
    <subfield code="c">, 2011</subfield>
  </datafield>
  <datafield tag="300" ind1=" " ind2=" ">
    <subfield code="a">xi, 291 p&#xE1;ginas</subfield>
    <subfield code="b">: ilustraciones </subfield>
    <subfield code="c">; 24 cm. </subfield>
  </datafield>
  <datafield tag="336" ind1=" " ind2=" ">
    <subfield code="a">texto</subfield>
  </datafield>
  <datafield tag="337" ind1=" " ind2=" ">
    <subfield code="a">sin medio </subfield>
  </datafield>
  <datafield tag="338" ind1=" " ind2=" ">
    <subfield code="a">volumen </subfield>
  </datafield>
  <datafield tag="504" ind1=" " ind2=" ">
    <subfield code="a">Bibliograf&#xED;a (pp. 267-271). </subfield>
  </datafield>
  <datafield tag="505" ind1=" " ind2=" ">
    <subfield code="a">La profesi&#xF3;n docente: Aspectos formativos  
La profesi&#xF3;n docente: Aspectos innovadores  
La profesi&#xF3;n docente: Aspectos organizativos  
La profesi&#xF3;n docente: Aspectos normativos  
El pr&#xE1;cticum del M&#xE1;ster en formaci&#xF3;n del profesorado  
Dise&#xF1;o y desarrollo del pr&#xE1;cticum  
Materiale e instrumentos para el pr&#xE1;cticum  </subfield>
  </datafield>
  <datafield tag="519" ind1=" " ind2=" ">
    <subfield code="a">Material complementario / </subfield>
    <subfield code="b">Pedagog&#xED;a / </subfield>
    <subfield code="d">(11 013273)</subfield>
  </datafield>
  <datafield tag="519" ind1=" " ind2=" ">
    <subfield code="a">Material Complementario /</subfield>
    <subfield code="d">(04 006750)</subfield>
  </datafield>
  <datafield tag="650" ind1=" " ind2="4">
    <subfield code="a">MAESTROS DE IDIOMAS</subfield>
    <subfield code="x">CAPACITACI&#xD3;N DE </subfield>
    <subfield code="z">ESPA&#xD1;A</subfield>
  </datafield>
  <datafield tag="650" ind1=" " ind2="4">
    <subfield code="a">PR&#xC1;CTICA DOCENTE</subfield>
    <subfield code="z">ESPA&#xD1;A</subfield>
  </datafield>
  <datafield tag="700" ind1="1" ind2=" ">
    <subfield code="a">Rubio Rold&#xE1;n, Ma. Julia</subfield>
    <subfield code="e">, coautor </subfield>
  </datafield>
  <datafield tag="700" ind1="1" ind2=" ">
    <subfield code="a">Castillo Arredondo, Santiago</subfield>
    <subfield code="e">, coautor </subfield>
  </datafield>
  <datafield tag="700" ind1="1" ind2=" ">
    <subfield code="a">Cabrerizo Garc&#xED;a, Alberto</subfield>
    <subfield code="e">, coautor</subfield>
  </datafield>
  <datafield tag="942" ind1=" " ind2=" ">
    <subfield code="c">LB</subfield>
  </datafield>
</record>
